000 00590nam a2200229Ia 4500
003 OSt
005 20220924152007.0
006 a|||||r|||| 00| 0
007 ta
008 220923b |||||||| |||| 00| 0 mar d
024 _a340333
037 _cTextual
040 _aARTS
_cARTS
_bmar
041 _2mar
_amar
082 _aO155,2M64,1, K4
100 _aAapte Hari Narayan
_9205468
245 0 _aSant sakhubai
260 _c1964
650 _aMARATHI LITERATURE
_938000
942 _hO155,2M64,1, K4
_cTEXL
_2CC
999 _c468359
_d468359